[Event "Championnat de France - Vétérans"]
[Site "NANCY"]
[Date "2013.08.23"]
[Round "11.6"]
[White "Rosenfeld, Imre"]
[Black "Belluire, Patrice"]
[Result "1/2-1/2"]
[WhiteElo "1896"]
[BlackElo "1899"]
[PlyCount "113"]
[EventDate "2013.??.??"]

1. d4 Nf6 2. Nf3 b6 3. g3 Bb7 4. Bg2 e6 5. O-O Be7 6. c4 O-O 7. Nc3 Ne4 8. Qc2
Nxc3 9. Qxc3 f5 10. Ne5 Bxg2 11. Kxg2 d6 12. Qf3 d5 13. cxd5 Qxd5 14. Qxd5 exd5
15. Bd2 Bd6 16. Nd3 Re8 17. e3 Nd7 18. Bb4 c5 19. dxc5 bxc5 20. Bc3 Nb6 21. b3
Rac8 22. Nb2 Kf7 23. Rfd1 g6 24. Kf1 Ke6 25. Rd2 c4 26. bxc4 Nxc4 27. Nxc4 dxc4
28. Rad1 Red8 29. Ke2 Be7 30. f3 Rxd2+ 31. Rxd2 Rb8 32. Rb2 Rxb2+ 33. Bxb2 Kd5
34. Bd4 a6 35. h3 h5 36. Bb2 Bb4 37. Bg7 Bd6 38. g4 hxg4 39. hxg4 fxg4 40. e4+
Ke6 41. fxg4 Be5 42. Bh6 Bd4 43. Bf4 Be5 44. Bh6 Kd6 45. Be3 Kc6 46. a4 Bb2 47.
Kd2 Kd6 48. Kc2 Bf6 49. Bd2 Bd4 50. Bf4+ Kc5 51. Bd2 Kd6 52. Bf4+ Kc5 53. Bd2
Be5 54. Bc3 Kd6 55. Be1 Kc5 56. Bc3 Bd4 57. Kd2 1/2-1/2

[Event "Championnat de France - Vétérans"]
[Site "NANCY"]
[Date "2013.08.23"]
[Round "11.7"]
[White "Dubreuil, Remy"]
[Black "Leitner, Walter"]
[Result "1-0"]
[WhiteElo "1817"]
[BlackElo "2089"]
[PlyCount "101"]
[EventDate "2013.??.??"]

1. Nf3 Nf6 2. g3 d5 3. Bg2 c6 4. b3 e6 5. O-O Be7 6. Bb2 O-O 7. d3 Nbd7 8. Nbd2
b6 9. c4 Bb7 10. Rc1 c5 11. Qc2 Rc8 12. Rfe1 dxc4 13. dxc4 Qc7 14. e4 h6 15. e5
Nh7 16. Ne4 Rcd8 17. Rcd1 Bc6 18. Nd6 f5 19. Qe2 Ra8 20. Rd2 Rfd8 21. Red1 a6
22. a4 Rab8 23. h4 g6 24. Ne1 Bxg2 25. Nxg2 Qc6 26. Nf4 Ndf8 27. Ng2 g5 28. Qh5
Bxd6 29. exd6 Qe8 30. Qxh6 Qg6 31. hxg5 Qxg5 32. Qxg5+ Nxg5 33. Nh4 Kf7 34. Kg2
Nd7 35. Re2 Rbc8 36. Nf3 Ne4 37. Ree1 Rc6 38. Rh1 Rxd6 39. Rh7+ Ke8 40. Rdh1 a5
41. Rh8+ Nf8 42. Bg7 Ke7 43. Ne5 Rd2 44. Rf1 Re8 45. Bxf8+ Rxf8 46. Ng6+ Kf7
47. Nxf8 Kg7 48. Rfh1 Rxf2+ 49. Kg1 Rf3 50. R1h7+ Kf6 51. Nd7+ 1-0

[Event "Championnat de France - Vétérans"]
[Site "NANCY"]
[Date "2013.08.23"]
[Round "11.8"]
[White "Daigremont, Jean-Renaud"]
[Black "Vouin, Denis"]
[Result "1-0"]
[WhiteElo "2033"]
[BlackElo "1779"]
[PlyCount "59"]
[EventDate "2013.??.??"]

1. d4 f5 2. Nf3 Nf6 3. c4 d6 4. g3 g6 5. b4 Bg7 6. Bb2 O-O 7. Nbd2 c6 8. Bg2
Na6 9. Qb3 Nc7 10. O-O Kh8 11. Rfe1 Be6 12. Ng5 Bg8 13. h4 d5 14. c5 Ne4 15.
Ndf3 f4 16. Ne5 Nxg5 17. hxg5 Ne6 18. Nf3 fxg3 19. fxg3 Qc7 20. Kh2 h5 21. Qe3
Rae8 22. Nh4 Bf7 23. Bh3 Nd8 24. Qd3 Kh7 25. Rf1 e5 26. dxe5 Bxe5 27. Bxe5 Rxe5
28. Rf6 Qe7 29. Nxg6 Rxe2+ 30. Bg2 1-0

[Event "Championnat de France - Vétérans"]
[Site "NANCY"]
[Date "2013.08.23"]
[Round "11.9"]
[White "Mounier, Michel"]
[Black "Andrieu, Philippe"]
[Result "1-0"]
[WhiteElo "1853"]
[BlackElo "1925"]
[PlyCount "69"]
[EventDate "2013.??.??"]

1. e4 c5 2. c3 Nf6 3. e5 Nd5 4. Nf3 e6 5. d4 cxd4 6. cxd4 b6 7. Nc3 Bb4 8. Bd2
Bb7 9. Ne4 Be7 10. Bd3 Nc6 11. a3 f5 12. exf6 Nxf6 13. O-O O-O 14. Be3 Qc7 15.
Nfg5 h6 16. Nxf6+ Bxf6 17. Nh7 Nxd4 18. Nxf6+ Rxf6 19. Bxd4 e5 20. Bc3 d5 21.
Rc1 Re8 22. Bb1 Qd7 23. f4 d4 24. Qd3 Qg4 25. Qh7+ Kf7 26. Ba2+ Ke7 27. Bb4+
Kd8 28. Qc2 Rc6 29. Qd2 Rg6 30. Rf2 Qd7 31. fxe5 d3 32. Bf7 Rxg2+ 33. Rxg2 Qxf7
34. Qxd3+ Bd5 35. Rgc2 1-0

[Event "Championnat de France - Vétérans"]
[Site "NANCY"]
[Date "2013.08.23"]
[Round "11.10"]
[White "Biguet, Jean-Claude"]
[Black "Guillaumat, Jean-Pierre"]
[Result "1-0"]
[WhiteElo "1708"]
[BlackElo "1863"]
[PlyCount "63"]
[EventDate "2013.??.??"]

1. d4 Nf6 2. c4 d5 3. cxd5 Nxd5 4. e4 Nb6 5. Nc3 e6 6. Nf3 Be7 7. Bd3 c6 8. O-O
O-O 9. a4 a5 10. Qb3 Na6 11. Bd2 Nb4 12. Bb1 Re8 13. Na2 Nxa2 14. Bxa2 Nd7 15.
Rac1 Nf6 16. Bb1 Nd7 17. Qd3 Nf8 18. Ne5 Bf6 19. f4 Re7 20. Nf3 g6 21. Bc3 Bg7
22. Be1 Rd7 23. e5 f6 24. Bh4 Rf7 25. exf6 Bxf6 26. Bxf6 Qxf6 27. Ne5 Re7 28.
Rf3 Kg7 29. Ng4 Qf5 30. Qa3 Qf7 31. d5 exd5 32. Qc3+ 1-0